| 000 | 00788nam a22002295i 4500 | ||
|---|---|---|---|
| 001 | 53573 | ||
| 003 | ES-MaACL | ||
| 005 | 20250701062542.0 | ||
| 007 | t| | ||
| 008 | 960627s1896 po ||||1| por d | ||
| 040 |
_aCAM _bspa _cCAM |
||
| 100 | 1 |
_aFalçâo, José. _948686 _eaut |
|
| 245 | 1 | 0 |
_aCartilha do povo. _nParte I, _pPara a gente do campo... / _cJosé Falçâo. |
| 246 | 1 | _aPara a gente do campo | |
| 250 | _aEdicao popular promovida pelos estudantes republicanos de Coimbra. | ||
| 260 |
_aVilla Nova de Famalicao : _bs.n., _c1896 _f(Typ. Minerva) |
||
| 300 |
_a48 páginas ; _c15 cm. |
||
| 650 | 4 |
_aRepublicanismo- _zPortugal. _9153921 |
|
| 852 |
_aES-MaACL _cDEPOF _hDonativo de Vicente Cabello _jT-936-F-2 |
||
| 942 |
_2udc _cFOLLETOS _n0 |
||
| 999 |
_c53573 _d53573 |
||